PROGRAMMING IN ANSI C (Record no. 66540)
[ view plain ]
| 000 -LEADER | |
|---|---|
| fixed length control field | 00366nam a22001457a 4500 |
| 003 - CONTROL NUMBER IDENTIFIER | |
| control field | OSt |
| 005 - DATE AND TIME OF LATEST TRANSACTION | |
| control field | 20251009111534.0 |
| 008 - FIXED-LENGTH DATA ELEMENTS--GENERAL INFORMATION | |
| fixed length control field | 251009b |||||||| |||| 00| 0 eng d |
| 040 ## - CATALOGING SOURCE | |
| Transcribing agency | IIMT UNIVERSITY GREATER NOIDA CAMPUS 2 |
| 100 ## - MAIN ENTRY--PERSONAL NAME | |
| Personal name | E.BALAGURSWAMY |
| 245 ## - TITLE STATEMENT | |
| Title | PROGRAMMING IN ANSI C |
| 260 ## - PUBLICATION, DISTRIBUTION, ETC. | |
| Place of publication, distribution, etc. | NEW DELHI |
| Name of publisher, distributor, etc. | MCGRAW HILL |
| Date of publication, distribution, etc. | 2025 |
| 300 ## - PHYSICAL DESCRIPTION | |
| Extent | 558 |
| 942 ## - ADDED ENTRY ELEMENTS (KOHA) | |
| Source of classification or shelving scheme | |
| Koha item type | Book Bank |
| Withdrawn status | Lost status | Source of classification or shelving scheme | Damaged status | Not for loan | Home library | Current library | Date acquired | Source of acquisition | Cost, normal purchase price | Inventory number | Total Checkouts | Barcode | Date last seen | Price effective from | Koha item type | Date last checked out |
|---|---|---|---|---|---|---|---|---|---|---|---|---|---|---|---|---|
| IIMT University Central library 2 - G.Noida | IIMT University Central library 2 - G.Noida | 10/09/2025 | R.LALL MEERUT | 725.00 | GD/IN/288,08/10/2025 | 31-B-2685 | 10/09/2025 | 10/09/2025 | Book Bank | |||||||
| IIMT University Central library 2 - G.Noida | IIMT University Central library 2 - G.Noida | 10/09/2025 | R.LALL MEERUT | 725.00 | GD/IN/288,08/10/2025 | 1 | 31-B-2686 | 01/22/2026 | 10/09/2025 | Book Bank | 12/11/2025 |

